000 00303nam a22001337a 4500
008 170619b xxu||||| |||| 00| 0 eng d
020 _a9780750679923
041 _aeng
080 _a94
100 _a16
101 _aSHH
245 _aINTRODUCTION TO HOMELAND SECURITY
_cBULLOCK,J,A
942 _2udc
_cBK
999 _c18035
_d18035